000 00793nac a22002417a 4500
001 BR8108536
003 BR-BrBNA
005 20240105115151.0
008 230509b bl.|||m| |||| 00| 0 por d
040 _aBR-BrBNA
_bpor
_cBiblioteca Nacional de Agricultura
072 _aH10
090 _a4020 BR8108536
100 1 _aNogueira, S.B.
110 1 _aUniversidade Federal de Vicosa, MG (Brasil). Conselho de Extensao
_910969
245 1 _aEvolucao no combate aos cupins terricolas em ninhos expostos
260 3 _aVicosa, MG (Brasil):
_c1981.
300 _a5 p.
490 _aInforme Tecnico - Universidade Federal de Vicosa. Conselho de Extensao (Brazil)
_vno. 8
_x
500 _a10 ref.
650 _aCUPIM
909 _a202312
_bLúcia Elande
_c55
_dLúcia Elande
942 _2AGRIS
_n0
_cMS
999 _c273432
_d273432